Sort-of Countries of the World Quiz Stats

 Plays Quiz not verified by Sporcle

Challenge
Share
Tweet
Score 0/51 Timer 15:00
0 Plays Today
Map Label Name of Entity % Correct
dGreenland
83.6%
IVHong Kong
78%
14Falkland Islands
76.4%
ASahrawi Arab Democratic Republic
74.7%
5Puerto Rico
71.8%
GSomaliland
71.8%
20Guam
69.2%
12Bermuda
68.5%
16Gibraltar
68.5%
6British Virgin Islands
67%
9United States Virgin Islands
66.4%
VAntarctica
66.1%
aAruba
65.8%
αIsle of Man
64.3%
IIIMacau
63.6%
eFaroe Islands
60%
γJersey
57.6%
FNorthern Cyprus
56.8%
8Saint Martin
56.6%
cSint Maarten
56.5%
βGuernsey
54.6%
26American Samoa
50.5%
15Saint Helena, Ascension and Tristan da Cunha
50.1%
bCuraçao
50.1%
2Pitcairn Islands
49.7%
3Cayman Islands
48.4%
Map Label Name of Entity % Correct
DSouth Ossetia
48.1%
19Christmas Island
47.8%
IIAzad Jammu and Kashmir
45.9%
CAbkhazia
44.3%
iNiue
43.1%
1French Polynesia
42.2%
4Turks and Caicos Islands
40.9%
22New Caledonia
40.5%
11Montserrat
39.1%
BTransnistria
38.8%
21Northern Mariana Islands
37.3%
iiCook Islands
36.6%
13Saint Pierre and Miquelon
35.4%
7Anguilla
33.5%
IÅland
33%
17British Indian Ocean Territory
32.2%
ENagorno-Karabakh
28.8%
23Norfolk Island
27.4%
18Cocos (Keeling) Islands
27.2%
24Tokelau
25.7%
xEuropean Union
25.7%
25Wallis and Futuna
23.2%
10Saint Barthélemy
18.6%
zSovereign Military Order of Malta
10%
yInternational Committee of the Red Cross
6.6%

You're not logged in!

Compare scores with friends on all Sporcle quizzes.
OR
Log In

You Might Also Like...

Show Comments

Extras

Top Quizzes Today


Score Distribution

Your Account Isn't Verified!

In order to create a playlist on Sporcle, you need to verify the email address you used during registration. Go to your Sporcle Settings to finish the process.

Report this User

Report this user for behavior that violates our Community Guidelines.

Details: